00409nam a2200157Ia 4500008004100000100001800041245002300059245001700082260002100099260000900120300003700129440005800166650000900224650000900233650000900242190509s9999 xx 000 0 und d aHayes, Steven aFrom loss to love/ cSteven Hayes bSussex Publisher c2018 aPages 72-79,90, July/August 2018 aPsychology Today: Turning Pointsv1/2/1900 3:04:00 AM aloss alove apain